00407nam a2200145Ia 4500008004100000020001500041041001200056082001600068100001600084245007400100260004900174300000900223650001600232700001300248221030s9999 xx 000 0 und d a8122414257 aEnglish a105.23bSin aB. P. Singh 0aAdvanced Microprocessors & Microcontrollerscby B. P. Singh, R. Singh bNew Age International Pub.aNew Delhic2002 a8.49 aBE Computer aR. Singh